| 000 | 00528cam a2200193ua 4500 | ||
|---|---|---|---|
| 001 | 10007 | ||
| 008 | 170315n enk |||gr||||Z||||||eng | ||
| 020 | _a9780712630320 | ||
| 040 | _cMAIN | ||
| 041 | _aeng | ||
| 082 | _a613 | ||
| 100 |
_aChopra, Deepak, _eAuthor. |
||
| 245 |
_aGrow younger, live longer : _bten steps to reverse ageing / _cBy Deepak Chopra and David Simon . |
||
| 260 |
_aLondon: _bRider, _c2002. |
||
| 300 | _a292p. | ||
| 653 | _aPersonal health & safety | ||
| 700 |
_aSimon, David, _eAuthor. |
||
| 942 | _cBK | ||
| 999 |
_c9006 _d9006 |
||